000 00481nam a2200181 4500
003 CO-ViMGA
020 _a9789875453579
040 _aCO-ViMGA
_bspa
_cCO-ViMGA
082 0 4 _aI863.9282
_bM14c
100 1 _aMainé, Margarita
_91627
245 1 0 _aCuentos para salir al recreo
250 _a1a. ed.
260 _aBuenos Aires
_bGrupo Editorial Norma,
_c2006
300 _a64 p.
_e18 cm
490 _aTorre de Papel
650 1 4 _aNarrativa Infantil Argentina
_91628
942 _2ddc
_cBK
999 _c33551
_d33551